| 000 | 00324cam a22001097a 4500 | ||
|---|---|---|---|
| 008 | 180718b1962 xxu||||| |||| 00| 0 eng d | ||
| 082 | _aU61x54 P886d | ||
| 245 | _aThe Damodar valley corporation | ||
| 260 |
_aNew Delhi _bIndian Institute of Public Administration _c1962 |
||
| 300 | _a95p. | ||
| 650 | _aDamodar Valley Corporation | ||
| 999 |
_c501052 _d501052 |
||